Smallest Mainland Countries - Statistics

General Stats
  • This quiz has been taken 65 times
    63 since last reset
  • The average score is 17 of 21
Answer Stats
Sq Km Answer % Correct
2,586 Luxembourg
100%
160 Liechtenstein
98%
0.44 Vatican City
98%
468 Andorra
96%
1.95 Monaco
94%
61.2 San Marino
94%
11,300 Gambia
85%
22,966 Belize
83%
11,437 Qatar
83%
17,820 Kuwait
79%
22,000 Djibouti
77%
20,770 Israel
77%
10,452 Lebanon
77%
26,338 Rwanda
75%
27,834 Burundi
73%
21,040 El Salvador
73%
10,908 Kosovo
73%
13,812 Montenegro
73%
17,363 Swaziland
73%
25,333 Macedonia
60%
20,253 Slovenia
58%
No matching quizzes found
Score Distribution
Percent of People with Each Score
Percentile by Number Answered
Your Score History
You have not taken this quiz since the last reset